| 000 | 00821nam a2200133Ia 4500 | ||
|---|---|---|---|
| 008 | 171212s9999 xx 000 0 und d | ||
| 020 | _a9780833046918 | ||
| 100 | _aLarson, Eric V.;Darilek, Richard E.;Kaye, Dalia Dassa;Morgan, Forrest E.;Nichiporuk, Brian | ||
| 245 |
_cLarson, Eric V.;Darilek, Richard E.;Kaye, Dalia Dassa;Morgan, Forrest E.;Nichiporuk, Brian _aUnderstanding Commanders' Information Needs for Influence Operations |
||
| 260 |
_bRAND Corporation _c2009 |
||
| 650 | _aPolitical Science | ||
| 650 | _aUnited States -- Armed Forces -- Officers -- Information services; Generals -- United States -- Information services; Command of troops; Influence (Psychology); Information warfare -- United States; Combined operations (Military science); United States -- | ||
| 856 | _uwww.jstor.org/stable/10.7249/mg656a | ||
| 999 |
_c352777 _d352777 |
||